Khutbat e Bahawalpur (Record no. 63154)

000 -LEADER
fixed length control field 00480nam a22001817a 4500
003 - CONTROL NUMBER IDENTIFIER
control field NUST - PNEC
005 - DATE AND TIME OF LATEST TRANSACTION
control field 20170116180805.0
008 - FIXED-LENGTH DATA ELEMENTS--GENERAL INFORMATION
fixed length control field 150422b xxu||||| |||| 00| 0 eng d
020 ## - INTERNATIONAL STANDARD BOOK NUMBER
International Standard Book Number 969534075X
040 ## - CATALOGING SOURCE
Transcribing agency LIBRARY
082 ## - DEWEY DECIMAL CLASSIFICATION NUMBER
Classification number 297.63 HAM
100 ## - MAIN ENTRY--PERSONAL NAME
9 (RLIN) 2906
Personal name Hamidullah, Mohammad
245 ## - TITLE STATEMENT
Title Khutbat e Bahawalpur
Statement of responsibility, etc. Dr. Mohammad Hamidullah
260 ## - PUBLICATION, DISTRIBUTION, ETC.
Place of publication, distribution, etc. Lahore:
Name of publisher, distributor, etc. Bacon Box,
Date of publication, distribution, etc. c2005.
300 ## - PHYSICAL DESCRIPTION
Extent 336 p. :
Dimensions 22 cm.
650 ## - SUBJECT ADDED ENTRY--TOPICAL TERM
9 (RLIN) 2910
Topical term or geographic name entry element Islam
General subdivision General
942 ## - ADDED ENTRY ELEMENTS (KOHA)
Source of classification or shelving scheme
Koha item type Book
Holdings
Withdrawn status Lost status Source of classification or shelving scheme Damaged status Not for loan Permanent Location Current Location Shelving location Date acquired Source of acquisition Cost, normal purchase price Total Checkouts Full call number Barcode Date last seen Date last checked out Cost, replacement price Price effective from Koha item type
          Pakistan Navy Engineering College (PNEC) Pakistan Navy Engineering College (PNEC)   11/07/2007 NHQ Islamabad 280.00 1 297.63 HAM PNECLIB-028732 03/07/2016 03/07/2016 280.00 11/07/2007 Book
          Pakistan Navy Engineering College (PNEC) Pakistan Navy Engineering College (PNEC)   06/10/2008 NHQ Islamabad 280.00   297.63 HAM PNECLIB-028735 04/29/2015   280.00 06/10/2008 Book
          Pakistan Navy Engineering College (PNEC) Pakistan Navy Engineering College (PNEC)           297.63 HAM PNECLIB-028731 01/11/2016       Book
© 2023 Central Library, National University of Sciences and Technology. All Rights Reserved.